00661nam a22002177a 450000500170000001000130001702000260003003500130005603700160006904000120008508200150009710000200011224500610013226000470019327000550024030000230029550000520031865000390037065000120040970000220042120170124105930.0 aB-163259 c495.00a9780195665864 aB-163259 bCen Lib/Ret aDPLbEN a327.540549 aGanguly, Sumit  aFearful symmentry /cby Sumit Ganguly, Devin T. Hagerty  aNew Delhi bOxford University Press c2005 aYMCA building, jai singh road bNew Delhi e110001 ax, 223p.c22cm(Hb) aIncludes bibliographical references and index  aForeign relation zIndia-Pakistan  aCrisis  aHagerty, Devin T.